Top 20 Words Starting with Y - Statistics

General Stats
  • This quiz has been taken 898 times
  • The average score is 12 of 20
Answer Stats
rank letters word % Correct
5 3 yes
97%
1 3 you
97%
2 4 your
91%
17 4 yell
89%
4 5 young
77%
6 3 yet
76%
11 6 yellow
75%
3 4 year
73%
7 9 yesterday
69%
8 5 youth
62%
10 4 yard
57%
15 5 yacht
45%
16 4 yarn
44%
20 4 yawn
44%
13 7 younger
44%
9 8 yourself
42%
19 5 yeast
39%
18 8 youngest
37%
12 5 yield
31%
14 9 youngster
23%
No matching quizzes found
Score Distribution
Percent of People with Each Score
Percentile by Number Answered
Your Score History
You have not taken this quiz